000 00762nam a2200253Ia 4500
003 OSt
005 20221005082324.0
006 a|||||r|||| 00| 0
007 ta
008 221004b |||||||| |||| 00| 0 eng d
020 _a8183870767 (hbk)
_c495
024 _a102187
037 _b062, 13/11/2009, Independent Publishers Group
_cTextual
040 _aCRL
_cCRL
_beng
041 _2eng
_aeng
082 _aY15, P7
100 _aSarkar Siddhartha
_9527359
245 0 _aGender, work and poverty
260 _aNew Delhi
_bSerials Publications India
_c2007
300 _aviii, 200p.
_ccm.
650 _aSOCIOLOGY
942 _hY15, P7
_cTEXL
_2cc
999 _c989135
_d989135